Preventive maintenance / (Record no. 69929)

000 -LEADER
fixed length control field 01082cam a2200325 a 4500
001 - CONTROL NUMBER
control field 14659042
003 - CONTROL NUMBER IDENTIFIER
control field NUST - PNEC
005 - DATE AND TIME OF LATEST TRANSACTION
control field 20170116181130.0
008 - FIXED-LENGTH DATA ELEMENTS--GENERAL INFORMATION
fixed length control field 061207s2008 nyua 001 0 eng
010 ## - LIBRARY OF CONGRESS CONTROL NUMBER
LC control number 2006053157
020 ## - INTERNATIONAL STANDARD BOOK NUMBER
International Standard Book Number 9780831133009
020 ## - INTERNATIONAL STANDARD BOOK NUMBER
International Standard Book Number 0831133007
035 ## - SYSTEM CONTROL NUMBER
System control number (OCoLC)ocm77485792
035 ## - SYSTEM CONTROL NUMBER
System control number (OCoLC)77485792
040 ## - CATALOGING SOURCE
Original cataloging agency DLC
Transcribing agency LIBRARY
Modifying agency BTCTA
-- BAKER
-- C#P
-- YDXCP
-- DLC
050 00 - LIBRARY OF CONGRESS CALL NUMBER
Classification number TS192
Item number .W57 2008
082 00 - DEWEY DECIMAL CLASSIFICATION NUMBER
Classification number 658.202 WIR
100 1# - MAIN ENTRY--PERSONAL NAME
Personal name Wireman, Terry.
245 10 - TITLE STATEMENT
Title Preventive maintenance /
Statement of responsibility, etc. Terry Wireman.
250 ## - EDITION STATEMENT
Edition statement 1st ed.
260 ## - PUBLICATION, DISTRIBUTION, ETC.
Place of publication, distribution, etc. New York :
Name of publisher, distributor, etc. Industrial Press,
Date of publication, distribution, etc. 2008.
300 ## - PHYSICAL DESCRIPTION
Extent xix, 216 p. :
Other physical details ill. ;
Dimensions 24 cm.
440 #0 - SERIES STATEMENT/ADDED ENTRY--TITLE
Title Maintenance strategy series ;
Volume/sequential designation v. 1
500 ## - GENERAL NOTE
General note Includes index.
650 #0 - SUBJECT ADDED ENTRY--TOPICAL TERM
Topical term or geographic name entry element Maintenance.
General subdivision ME
650 #0 - SUBJECT ADDED ENTRY--TOPICAL TERM
Topical term or geographic name entry element Industrial equipment
General subdivision Maintenance and repair.
906 ## - LOCAL DATA ELEMENT F, LDF (RLIN)
a 7
b cbc
c orignew
d 1
e ocip
f 20
g y-gencatlg
942 ## - ADDED ENTRY ELEMENTS (KOHA)
Source of classification or shelving scheme
Koha item type Book
Holdings
Withdrawn status Lost status Source of classification or shelving scheme Damaged status Not for loan Permanent Location Current Location Shelving location Date acquired Total Checkouts Full call number Barcode Date last seen Price effective from Koha item type
          Pakistan Navy Engineering College (PNEC) Pakistan Navy Engineering College (PNEC)       658.202 WIR PNECLIB-029127 10/06/2015   Book
          Pakistan Navy Engineering College (PNEC) Pakistan Navy Engineering College (PNEC)       658.202 WIR PNECLIB-029126 10/06/2015   Book
© 2023 Central Library, National University of Sciences and Technology. All Rights Reserved.